Cambridge dictionary of american english [cd rom] /

Guardado en:
Formato: Libro
Publicado: New York : Cambridge University, 19991
Etiquetas: Agregar Etiqueta
Sin Etiquetas, Sea el primero en etiquetar este registro!
LEADER 00373nam a22001215a 4500
001 CEM.cems010380
005 20060214000000.0
008 130507b######################000#0#####d
003 CEMS
082 0 4 |a CD423 
245 0 0 |a Cambridge dictionary of american english [cd rom] / 
260 |a New York :  |b Cambridge University,  |c 19991 
859 |a CEMS  |b BIB. CEMS - 11 de abril  |h CD423  |i C144  |p 1736.44  |t Ej.2